NLSUI OPAC header image

Meet the savarnas : (Record no. 213852)

MARC details
000 -LEADER
fixed length control field 03106cam a2200469 i 4500
001 - CONTROL NUMBER
control field in00024318368
005 - DATE AND TIME OF LATEST TRANSACTION
control field 20251009125026.0
007 - PHYSICAL DESCRIPTION FIXED FIELD--GENERAL INFORMATION
fixed length control field ta
008 - FIXED-LENGTH DATA ELEMENTS--GENERAL INFORMATION
fixed length control field 250526s2025 enk b 000 0 eng d
010 ## - LIBRARY OF CONGRESS CONTROL NUMBER
LC control number 2025354888
016 7# - NATIONAL BIBLIOGRAPHIC AGENCY CONTROL NUMBER
Record control number 300590712
Source Uk
020 ## - INTERNATIONAL STANDARD BOOK NUMBER
International Standard Book Number 9780143465713
Qualifying information hardback
020 ## - INTERNATIONAL STANDARD BOOK NUMBER
International Standard Book Number 0143465716
025 ## - OVERSEAS ACQUISITION NUMBER
Overseas acquisition number I-E-2025-354888; 69-90
035 ## - SYSTEM CONTROL NUMBER
System control number (OCoLC)1521465984
037 ## - SOURCE OF ACQUISITION
Source of stock number/acquisition Library of Congress -- New Delhi Overseas Office
040 ## - CATALOGING SOURCE
Original cataloging agency UKMGB
Language of cataloging eng
Description conventions rda
Transcribing agency UKMGB
Modifying agency MNU
-- DLC
042 ## - AUTHENTICATION CODE
Authentication code lccopycat
-- lcode
043 ## - GEOGRAPHIC AREA CODE
Geographic area code a-ii---
082 04 - DEWEY DECIMAL CLASSIFICATION NUMBER
Classification number 306.0954
Edition number 23
100 1# - MAIN ENTRY--PERSONAL NAME
Personal name Kisana, Ravikant,
Relator term author.
245 10 - TITLE STATEMENT
Title Meet the savarnas :
Remainder of title Indian millennials whose mediocrity broke everything /
Statement of responsibility, etc. Ravikant Kisana.
264 #1 - PRODUCTION, PUBLICATION, DISTRIBUTION, MANUFACTURE, AND COPYRIGHT NOTICE
Place of production, publication, distribution, manufacture London :
Name of producer, publisher, distributor, manufacturer Ebury Press,
Date of production, publication, distribution, manufacture, or copyright notice 2025.
300 ## - PHYSICAL DESCRIPTION
Extent 256 pages ;
Dimensions 23 cm
336 ## - CONTENT TYPE
Content type term text
Source rdacontent
337 ## - MEDIA TYPE
Media type term unmediated
Source rdamedia
338 ## - CARRIER TYPE
Carrier type term volume
Source rdacarrier
365 ## - TRADE PRICE
Price amount Rs. 699.00
504 ## - BIBLIOGRAPHY, ETC. NOTE
Bibliography, etc. note Includes bibliographical references (pages 183-187).
505 ## - FORMATTED CONTENTS NOTE
Formatted contents note Prologue -<br/>1. What Is a Savarna? -<br/>2. The Glass Floor -<br/>3. Karlo Duniya Mutthi Mein: Corporate Savarna-Capital Complex -<br/>4. Student of the Year -<br/>5. Kuch Kuch Savarna Hai: Love, Sex and Romance in a Caste Society -<br/>6. Made in Heaven: Marriage and Savarna Family Shifts -<br/>7. Savarna Spiritual Gharwapasi from the Development' Valhalla -<br/>8. Leaving India Behind: The Savarna Exodus -<br/>Postscript: A Pseudo Epilogue -<br/>Acknowledgement -<br/>Notes.<br/>
520 ## - SUMMARY, ETC.
Summary, etc. In the early 2000s, India was expected to ‘shine’ and emerge as a rising superpower. It was the post-1990s golden generation— professionals fresh out of B-schools and engineering programmes —who were supposed to take us there. The Great Indian Dream was ready to lift-off. Except we never left the ground.<br/>No one could really explain what went wrong. Some blamed politicians, some corruption, some capitalism and some communal polarization. Most people missed the giant elephant in the room—caste.<br/>Caste in India is mostly researched and reported from the experience of the oppressed. Caste as a privilege is not understood well. How do caste elites respond to modernity? How do they understand culture, intimacy, love and tradition? Were their ideas, institutions and imaginations ever even capable of delivering upon the Great Indian Dream?<br/>In Meet the Savarnas, Ravikant Kisana goes where few authors have dared: to document the lives, the concerns and crises of India’s urban elites, to frame the savarnas as a distinct social cohort, one that operates within itself and yet is oblivious of its own social rules, privileges and systems.
650 #0 - SUBJECT ADDED ENTRY--TOPICAL TERM
Topical term or geographic name entry element Caste
Geographic subdivision India.
650 #0 - SUBJECT ADDED ENTRY--TOPICAL TERM
Topical term or geographic name entry element Social classes
Geographic subdivision India.
650 #0 - SUBJECT ADDED ENTRY--TOPICAL TERM
Topical term or geographic name entry element Generation Y
Geographic subdivision India.
650 #7 - SUBJECT ADDED ENTRY--TOPICAL TERM
Topical term or geographic name entry element Caste.
Source of heading or term fast
Authority record control number or standard number (OCoLC)fst00848395
650 #7 - SUBJECT ADDED ENTRY--TOPICAL TERM
Topical term or geographic name entry element Social classes.
Source of heading or term fast
Authority record control number or standard number (OCoLC)fst01122346
651 #0 - SUBJECT ADDED ENTRY--GEOGRAPHIC NAME
Geographic name India
General subdivision Social conditions
Chronological subdivision 21st century.
651 #7 - SUBJECT ADDED ENTRY--GEOGRAPHIC NAME
Geographic name India.
Source of heading or term fast
Authority record control number or standard number (OCoLC)fst01210276
906 ## - LOCAL DATA ELEMENT F, LDF (RLIN)
a 0
b ibc
c copycat
d 3
e ncip
f 20
g y-gencatlg
942 ## - ADDED ENTRY ELEMENTS (KOHA)
Source of classification or shelving scheme Dewey Decimal Classification
Koha item type BOOKs
Holdings
Withdrawn status Lost status Source of classification or shelving scheme Materials specified (bound volume or other part) Damaged status Not for loan Home library Current library Shelving location Date acquired Source of acquisition Cost, normal purchase price Total Checkouts Total Renewals Full call number Barcode Date last seen Date last checked out Price effective from Koha item type Public note Checked out
    Dewey Decimal Classification HB     . . General Stacks 09.10.2025 Purchased - Educational Supplies 699.00 1 1 306.0954 KIS - 1 40445 23.01.2026 01.01.2026 09.10.2025 BOOKs Recommended by Dr. Chandraban P Yadav  
    Dewey Decimal Classification HB     . . General Stacks 09.10.2025 Purchased - Educational Supplies 699.00 1 3 306.0954 KIS - 2 40446 23.01.2026 16.10.2025 09.10.2025 BOOKs Recommended by Prof. Dr. Arun K Thiruvengadam 26.05.2026